Statistics for F1 Winners 2021

Click here to take the quiz!

General Stats

  • This quiz has been taken 196 times
  • The average score is 21 of 21

Answer Stats

HintAnswer% Correct
MonacoMax Verstappen
100%
MexicoMax Verstappen
100%
FranceMax Verstappen
100%
StyriaMax Verstappen
100%
AustriaMax Verstappen
100%
USAMax Verstappen
100%
Emilia RomagnaMax Verstappen
100%
BelgiumMax Verstappen
100%
HollandMax Verstappen
100%
BahrainLewis Hamilton
99%
RussiaLewis Hamilton
99%
QatarLewis Hamilton
99%
BrazilLewis Hamilton
99%
Saudi ArabiaLewis Hamilton
99%
UKLewis Hamilton
99%
SpainLewis Hamilton
99%
PortugalLewis Hamilton
99%
TurkeyValtteri Bottas
96%
AzerbaijanSergio Perez
91%
HungaryEsteban Ocon
90%
ItalyDaniel Ricciardo
89%

Score Distribution

Percentile by Number Answered

Percent of People with Each Score

Your Score History

You have not taken this quiz